000 07833nam a22006738a 4500
005 20090616134728.0
008 090417s2009 ii 000 0 eng
010 _aENG-94018
020 _a9788125036845
_c295.00
035 _aEN-77551
035 _aB-361456-488
037 _bDBAD / PUB
037 _bAakar Booka
040 _adpl
_bEnglish
082 _a954.09
100 _aChandra, Bipan
_91671
245 _aHistory of modern India /
_cby Bipan Chandra
260 _aNew Delhi
_bOrient Blackswan
_c2009
270 _a1/24, Asaf Ali Road,
_bNew Delhi
_e110002
300 _aviii, 351p.
_c22cm(pbk)
500 _aIncludes index
651 _aIndia
_xHistory
_9638
942 _2ddc
_cEN
_mCHA
_h954.09
999 _c27501
_d27501